| 000 | 00508pab a2200193 454500 | ||
|---|---|---|---|
| 008 | 180718b2011 xxu||||| |||| 00| 0 eng d | ||
| 100 | _aMitchell, Andrew | ||
| 245 | _aHealth care utilisation in rural Andhra Pradesh | ||
| 260 | _c2011 | ||
| 300 | _ap.15-19. | ||
| 362 | _a29 Jan | ||
| 650 | _aHealth services - India - Andhra Pradesh | ||
| 650 | _aHealth services | ||
| 700 | _aBossert, Thomas | ||
| 700 | _aMahal, Ajay | ||
| 773 | _aEconomic and Political Weekly | ||
| 908 | _aN | ||
| 909 | _a90544 | ||
| 999 |
_c90544 _d90544 |
||